Т. 35, № 12; Химическая физика

Bibliografiske detaljer
Parent link:Химическая физика/ Российская академия наук (РАН), Отделение химии и наук о материалах РАН. Т. 35, № 12.— , 1983-
Sprog:russisk
Udgivet: 2016
Format: MixedMaterials Bog
KOHA link:https://koha.lib.tpu.ru/cgi-bin/koha/opac-detail.pl?biblionumber=571655

MARC

LEADER 00000nam2a2200000 4500
001 571655
005 20231101125254.0
035 |a (RuTPU)RU\TPU\prd\269637 
090 |a 571655 
100 |a 20170228a19829999k y0rusy50 ca 
101 0 |a rus 
102 |a RU 
200 0 |a Т. 35, № 12 
210 |d 2016 
461 1 |0 (RuTPU)RU\TPU\prd\417  |t Химическая физика  |f Российская академия наук (РАН), Отделение химии и наук о материалах РАН  |v Т. 35, № 12  |d 1983- 
801 0 |a RU  |b 63413507  |c 20010227  |g PSBO 
801 1 |a RU  |b 63413507  |c 20170228 
801 2 |a RU  |b 63413507  |c 20230628  |g RCR 
942 |c BK 
999 |a НТБ_ТПУ  |b НФ  |e -1/20170117  |p П-9095  |s 1/20160622  |u 0,00  |v 1